| Tag |
First Indicator |
Second Indicator |
Subfields |
| LEADER |
00000cam a2200000Mi 4500 |
| 001 |
in00003567331 |
| 006 |
m o d |
| 007 |
cr mnu---uuaaa |
| 008 |
130219s1992 gw o 000 0 eng |
| 005 |
20260421182606.1 |
| 020 |
|
|
|a 9783642514777 (electronic bk.)
|
| 020 |
|
|
|a 3642514774 (electronic bk.)
|
| 020 |
|
|
|z 9783540559047
|
| 020 |
|
|
|z 3540559043
|
| 020 |
|
|
|z 3642514774
|
| 035 |
|
|
|a (OCoLC)851776050
|
| 040 |
|
|
|a AU@
|b eng
|e pn
|c AU@
|d OCLCO
|d GW5XE
|d OCLCQ
|d OCLCF
|d UtOrBLW
|
| 049 |
|
|
|a TXAM
|
| 050 |
|
4 |
|a QH323.5
|
| 050 |
|
4 |
|a QH324.2-324.25
|
| 072 |
|
7 |
|a PDE
|2 bicssc
|
| 072 |
|
7 |
|a MAT003000
|2 bisacsh
|
| 082 |
0 |
4 |
|a 570.285
|2 23
|
| 100 |
1 |
|
|a Hethcote, Herbert W.
|
| 245 |
1 |
0 |
|a Modeling HIV Transmission and AIDS in the United States /
|c by Herbert W. Hethcote, James W. Ark.
|
| 264 |
|
1 |
|a Berlin, Heidelberg :
|b Springer Berlin Heidelberg,
|c 1992.
|
| 300 |
|
|
|a 1 online resource (xi, 234 pages)
|
| 336 |
|
|
|a text
|b txt
|2 rdacontent
|
| 337 |
|
|
|a computer
|b c
|2 rdamedia
|
| 338 |
|
|
|a online resource
|b cr
|2 rdacarrier
|
| 490 |
1 |
|
|a Lecture notes in biomathematics,
|x 0341-633X ;
|v 95
|
| 520 |
|
|
|a This monograph describes the results of a project to use mathematical modeling and computer simulations to analyze HIV transmission dynamics and AIDS in various risk groups in the USA. Because there is more data available on homosexual men in San Francisco, this population is analyzed intensively. The risk groups considered in fifteen subregions of the USA are homosexual men, injecting drug users (IDUs), homosexual IDUs, heterosexual partners of IDUs and children of female heterosexual partners and IDUs. A goal is to understand the AIDS epidemic in the USA by using a modeling approach to analyzing the data. This monograph contains data, graphs and computer program listings. Although mathematical models are used, this book does not require a mathematical background so it is accessible to epidemiologists, modelers, mathematicians, and students who are interested in the epidemiology of AIDS or in how modeling can contribute to the understanding of the transmission.
|
| 500 |
|
|
|a Electronic resource.
|
| 650 |
|
0 |
|a Mathematics.
|
| 650 |
|
0 |
|a Immunology.
|
| 650 |
|
0 |
|a Internal medicine.
|
| 650 |
|
0 |
|a Physiology
|x Mathematics.
|
| 650 |
|
0 |
|a Statistics.
|
| 650 |
|
0 |
|a Anthropology.
|
| 650 |
|
7 |
|a Anthropology.
|2 fast
|0 (OCoLC)fst00810196
|
| 650 |
|
7 |
|a Immunology.
|2 fast
|0 (OCoLC)fst00968006
|
| 650 |
|
7 |
|a Internal medicine.
|2 fast
|0 (OCoLC)fst00976610
|
| 650 |
|
7 |
|a Mathematics.
|2 fast
|0 (OCoLC)fst01012163
|
| 650 |
|
7 |
|a Physiology
|x Mathematics.
|2 fast
|0 (OCoLC)fst01063187
|
| 650 |
|
7 |
|a Statistics.
|2 fast
|0 (OCoLC)fst01132103
|
| 655 |
|
7 |
|a Electronic books.
|2 local
|
| 700 |
1 |
|
|a Ark, James W.
|
| 710 |
2 |
|
|a SpringerLink (Online service)
|
| 776 |
1 |
8 |
|i Print version:
|z 9783540559047
|
| 830 |
|
0 |
|a Lecture notes in biomathematics ;
|v 95.
|
| 856 |
4 |
0 |
|u http://proxy.library.tamu.edu/login?url=https://link.springer.com/10.1007/978-3-642-51477-7
|z Connect to the full text of this electronic book
|t 0
|
| 994 |
|
|
|a 92
|b TXA
|
| 999 |
|
|
|a MARS
|
| 999 |
f |
f |
|s dd7d264e-f3d3-36e4-97bd-139994881c96
|i 78e23dab-7b5c-3034-a090-75043f8e2d27
|t 0
|
| 952 |
f |
f |
|a Texas A&M University
|b College Station
|c Electronic Resources
|s www_evans
|d Available Online
|t 0
|e QH324.2-324.25
|h Library of Congress classification
|
| 998 |
f |
f |
|a QH324.2-324.25
|t 0
|l Available Online
|